000 00786nam a22002177a 4500
003 OSt
005 20260505015531.0
008 260505b |||||||| |||| 00| 0 eng d
020 _a9781611599480
040 _aDWCL Main Lib.
_cOC
082 _aProf. 610.73 C532c 2015
100 _aNewmark, Amy
_eCompiler
245 _aChicken soup for the soul :
_binspiration for nurses : 101 stories of appreciation and wisdom /
_cAmy Newmark and LeAnn Thieman
260 _aUSA :
_bChicken Soup for the Soul Publishing,
_cc2015.
300 _axi, 349 pages :
_billustrations ;
_c22cm
650 _a1. Nurses -- Literary Collections.
650 _a2. Nurses -- Anecdotes.
650 _a3. Nursing -- Literary Collections.
700 _aI. Thieman, LeAnn
_eCompiler
942 _2ddc
_cPROF.
_n0
999 _c10242
_d10242